000 00528cam a22001814a 4500
005 20250605164253.0
008 250528s ||||||||||||||||||||||||d
035 _a21834
040 _aGR-AtMCL
_bgre
_dGR-AtMCL
_eAACR2
245 1 _aΨΥΧΟΛΟΓΙΑ ΕΠΙΧΕΙΡΗΣΕΩΝ
250 _a1
260 _bΟργανισμός Εκδόσεων Διδακτικών Βιβλίων,
_c1986
300 _a354
700 1 _aΚοντης Θεμιστοκλης Ι
_95764
942 _cBK
999 _c6892
_d6892